|
|
|
|
| LEADER |
00000nam0a2200000 4500 |
| 001 |
29554 |
| 005 |
20231101205921.0 |
| 010 |
|
|
|a 572451141X
|
| 035 |
|
|
|a (RuTPU)RU\TPU\book\29819
|
| 035 |
|
|
|a BOOK00000113
|
| 090 |
|
|
|a 29554
|
| 100 |
|
|
|a 20011209d2000 m y0rusy50 ca
|
| 101 |
0 |
|
|a rus
|
| 102 |
|
|
|a RU
|
| 105 |
|
|
|a a e 001zy
|
| 200 |
1 |
|
|a Зри в корень
|a толковый словарь иностранных слов греческого и латинского происхождения
|f С. Ю. Афонькин
|
| 210 |
|
|
|a СПб.
|c Химиздат
|d 2000
|
| 215 |
|
|
|a 335 с.
|c ил.
|
| 320 |
|
|
|a Библиогр.: с. 314-315
|
| 320 |
|
|
|a Указатель: с. 316-335
|
| 606 |
|
|
|a Русский язык
|x Толковые словари
|2 stltpush
|3 (RuTPU)RU\TPU\subj\26391
|9 50331
|
| 610 |
1 |
|
|a словари
|
| 610 |
1 |
|
|a иностранные слова
|
| 610 |
1 |
|
|a заимствованные слова
|
| 610 |
1 |
|
|a слова
|
| 610 |
1 |
|
|a греческое происхождение
|
| 610 |
1 |
|
|a латинское происхождение
|
| 610 |
1 |
|
|a толковые словари
|
| 686 |
|
|
|a Ш141.2-42
|v LBC/SL-A
|2 rubbk
|
| 700 |
|
1 |
|a Афонькин
|b С. Ю.
|g Сергей Юрьевич
|
| 801 |
|
0 |
|a RU
|b 63413507
|c 20011209
|g PSBO
|
| 801 |
|
2 |
|a RU
|b 63413507
|c 20180226
|g PSBO
|
| 942 |
|
|
|c BK
|